Vplyv monetárneho zásahu v rámci IS-LM modelu s dynamickou úpravou cien a adaptívnymi očakávaniami
Problematika zmien úrokových mier ako cielenia monetárnej politiky. Konštrukcia a vyriešenie dynamického IS-LM modelu, ktorý zodpovedá Romerovým predpokladom.
Enregistré dans:
| Auteur principal: | |
|---|---|
| Autres auteurs: | , |
| Format: | Chapitre de livre |
| Langue: | slovaque |
| Sujets: | |
| Tags: |
Pas de tags, Soyez le premier à ajouter un tag!
|
MARC
| LEADER | 00000naa a2200000 4500 | ||
|---|---|---|---|
| 001 | 0127715 | ||
| 005 | 20240502083321.5 | ||
| 041 | 0 | |a slo | |
| 044 | |a CZ | ||
| 245 | 1 | 0 | |a Vplyv monetárneho zásahu v rámci IS-LM modelu s dynamickou úpravou cien a adaptívnymi očakávaniami |c Karol Szomolányi, Martin Lukáčik, Adriana Lukáčiková |
| 520 | |a Problematika zmien úrokových mier ako cielenia monetárnej politiky. Konštrukcia a vyriešenie dynamického IS-LM modelu, ktorý zodpovedá Romerovým predpokladom. | ||
| 610 | 2 | 0 | |a politika menová |
| 610 | 2 | 0 | |a ceny |
| 610 | 2 | 0 | |a modely dynamické |
| 610 | 2 | 0 | |a cielenie inflácie |
| 610 | 2 | 0 | |a miera úroková |
| 610 | 2 | 0 | |a hospodárstvo uzatvorené |
| 610 | 2 | 0 | |a banky centrálne |
| 100 | 1 | |a Szomolányi, Karol, 1976- | |
| 700 | 1 | |a Lukáčik, Martin, 1974- | |
| 700 | 1 | |a Lukáčiková, Adriana, 1971- | |